Normale Ansicht MARC-Ansicht ISBD

Die Wehrmacht im Dritten Reich (Titelsatznr. 45004)

[ MARC ]
MARC-Details
000 -Satzkennung
Kontrollfeld mit fester Länge 00618nam a22001811cc4500
001 - Kontrollnummer
Kontrollfeld a987674692+BandV
035 ## - Systemkontrollnummer
System-Kontrollnummer a987674692
008 - Feld mit fester Länge zur physischen Beschreibung - Allgemeine Angaben
Kontrollfeld mit fester Länge 170707s1988 gw |||| 000u ger d
020 ## - Internationale Standardbuchnummer
Internationale Standardbuchnummer 3764618825
Verknüpfung 3-7646-1882-5
040 ## - Katalogisierungsquelle
Übertragungsstelle RU-10907106
003 - Kontrollnummer Identifier
Kontrollfeld RU-10907106
245 04 - Titel
Titel Die Wehrmacht im Dritten Reich
Zählung des Teils/der Abteilung eines Werkes Band V
Titel eines Teils/einer Abteilung eines Werkes 1. Septemer 1939 bis 18. Dezember 1941
264 ## - Produktion, Veröffentlichung, Distribution, Herstellung und Urheberrechtsvermerk
Herstellungs-, Veröffentlichungs- Vertriebs-, Erzeugungsort Boppard am Rhein :
Produzent, Herausgeber, Distributor, Hersteller Boldt,
Datum der Herstellung, der Veröffentlichung, des Vertriebs oder des Urheberschutzvermerks 1988
246 12 - Titelvarianten
Hauptsachtitel/Kurztitel Die Wehrmacht im Dritten Reich : Aufbau, Gliederung, Recht, Verwaltung. 1. Septemer 1939 bis 18. Dezember 1941
Zählung des Teils/der Abteilung eines Werkes Band V
300 ## - Physische Beschreibung
Umfang XIX, 412 S.
773 08 - Übergeordnete Einheit
Datensatzkontrollnummer a987674692
Zählung und erste Seite BandV
942 ## - Zusätzliche Felder (Koha)
Koha-Medientyp Monographien
Exemplare
Ausgeschieden Verloren Klassifikation oder Aufstellungssystematik Beschädigt Nicht entleihbar Heimatbibliothek Aufenthaltsbibliothek Aufstellungsort Erwerbungsdatum Inventarnummer Signatur Barcode Letzte Aktivität Preis gültig von Koha-Medientyp
    Andere/Generische Klassifikation     MWN Osteuropa MWN Osteuropa Lesesaal - 1 07/07/2017 15-01261 Ersatzß D 52 rd Abs 1 (5) E00401506CBDFE68 24/09/2020 22/03/2021 Monographien